<?xml version="1.0" encoding="UTF-8"?>
<record
    xmlns:xsi="http://www.w3.org/2001/XMLSchema-instance"
    xsi:schemaLocation="http://www.loc.gov/MARC21/slim http://www.loc.gov/standards/marcxml/schema/MARC21slim.xsd"
    xmlns="http://www.loc.gov/MARC21/slim">

  <leader>02635nam a2200301 a 4500</leader>
  <controlfield tag="001">BRCA_2580</controlfield>
  <controlfield tag="005">20190320203856.0</controlfield>
  <controlfield tag="008">271108s1876----sp-#---###---#000-0dspa-u</controlfield>
  <datafield tag="041" ind1=" " ind2=" ">
    <subfield code="a">spa</subfield>
  </datafield>
  <datafield tag="044" ind1=" " ind2=" ">
    <subfield code="a">sp</subfield>
  </datafield>
  <datafield tag="084" ind1=" " ind2=" ">
    <subfield code="a">174</subfield>
    <subfield code="b">.R64</subfield>
    <subfield code="c">1876</subfield>
  </datafield>
  <datafield tag="100" ind1="1" ind2=" ">
    <subfield code="a">Cervantes Saavedra, Miguel de</subfield>
    <subfield code="d">1547-1616</subfield>
    <subfield code="9">213</subfield>
  </datafield>
  <datafield tag="245" ind1="1" ind2="0">
    <subfield code="a">El Ingenioso Hidalgo Don Quijote de la Mancha</subfield>
    <subfield code="c">por Miguel de Cervantes Saavedra.</subfield>
  </datafield>
  <datafield tag="260" ind1=" " ind2=" ">
    <subfield code="a">C&#xE1;diz (Espa&#xF1;a)</subfield>
    <subfield code="b">Jos&#xE9; Rodr&#xED;guez y Rodr&#xED;guez</subfield>
    <subfield code="c">1876</subfield>
  </datafield>
  <datafield tag="300" ind1=" " ind2=" ">
    <subfield code="a">5 v.</subfield>
    <subfield code="c">21 cm.</subfield>
  </datafield>
  <datafield tag="500" ind1=" " ind2=" ">
    <subfield code="a">Contenido : v 1. Vida de Miguel de Cervantes Saavedra por Ram&#xF3;n Le&#xF3;n Mainez. -- v 2. Primera parte. Advertencia de M&#xE1;inez. Dedicatoria del autor. Pr&#xF3;logo del autor. Versos preliminares, comentario y notas, ap&#xE9;ndices y mapa del Campo de Montiel en 1575. Texto. -- v 3. Texto. Notas y ap&#xE9;ndices. v 4. Segunda parte. Pr&#xF3;logo del autor. Ap&#xE9;ndices. Texto. -- v 5. Texto</subfield>
  </datafield>
  <datafield tag="500" ind1=" " ind2=" ">
    <subfield code="a">Edici&#xF3;n : Dirigido al Duque de Bejar. Impreso por primera vez en Madrid por Juan de la Cuesta el a&#xF1;o de 1605, y ahora de nuevo publicado por vez primera en C&#xE1;diz por Jos&#xE9; Rodr&#xED;guez y Rodr&#xED;guez, bajo la direcci&#xF3;n de Ram&#xF3;n Le&#xF3;n M&#xE1;inez, Director de la Cr&#xF3;nica de los Cervantistas</subfield>
  </datafield>
  <datafield tag="500" ind1=" " ind2=" ">
    <subfield code="a">En esta edici&#xF3;n, el entusiasta y renombrado cervantista, Le&#xF3;n M&#xE1;inez, restableci&#xF3; casi &#xED;ntegro el texto de la edici&#xF3;n pr&#xED;ncipe e hizo un detenido estudio del Quijote, pero tom&#xF3; en cuenta las enmiendas de la tercera de Cuesta (1608), varias de las cuales son arbitrarias. Su valor consiste, adem&#xE1;s, en haber restituido los t&#xED;tulos de ambas partes, que en su primera edici&#xF3;n rezan como sigue: El Ingenioso Hidalgo..., la primera parte, y El Ingenioso Caballero..., la segunda parte. Por &#xFA;ltimo, realza la calidad de esta edici&#xF3;n la notable biograf&#xED;a de Cervantes, escrita por el Sr. M&#xE1;inez, as&#xED; como los eruditos comentarios y notas del mismo, los cuales no se refieren s&#xF3;lo al lenguaje, estilo y minucias literarias e hist&#xF3;ricas, sino tambi&#xE9;n al contenido, intenci&#xF3;n y mensaje de la magna novela. Sus juicios son en muchos aspectos de la obra acertados, objetivos y justos. La parte tipogr&#xE1;fica es m&#xE1;s bien mala. Semipiel; lomeras con filetes dorados L&#xFA;dovik Osterc</subfield>
  </datafield>
  <datafield tag="500" ind1=" " ind2=" ">
    <subfield code="a">QM168</subfield>
  </datafield>
  <datafield tag="650" ind1="1" ind2="4">
    <subfield code="a">Novela espa&#xF1;ola</subfield>
    <subfield code="y">&#xC9;poca cl&#xE1;sica, 1500-1700</subfield>
    <subfield code="9">215</subfield>
  </datafield>
  <datafield tag="650" ind1="1" ind2="4">
    <subfield code="a">Literatura espa&#xF1;ola</subfield>
    <subfield code="y">&#xC9;poca cl&#xE1;sica, 1500-1700</subfield>
    <subfield code="9">216</subfield>
  </datafield>
  <datafield tag="650" ind1="1" ind2="4">
    <subfield code="a">Novela espa&#xF1;ola</subfield>
    <subfield code="y">Siglo XVII</subfield>
    <subfield code="9">217</subfield>
  </datafield>
  <datafield tag="650" ind1="1" ind2="4">
    <subfield code="a">Don Quijote (Personaje ficticio)</subfield>
    <subfield code="e">Novela</subfield>
    <subfield code="9">218</subfield>
  </datafield>
  <datafield tag="700" ind1="1" ind2=" ">
    <subfield code="a">M&#xE1;inez Fern&#xE1;ndez, Ram&#xF3;n Le&#xF3;n</subfield>
    <subfield code="d">1847-1917</subfield>
    <subfield code="e">Bi&#xF3;grafo</subfield>
    <subfield code="9">7373</subfield>
  </datafield>
  <datafield tag="740" ind1="0" ind2=" ">
    <subfield code="a">El Ingenioso Hidalgo Don Quijote de la Mancha</subfield>
  </datafield>
  <datafield tag="902" ind1=" " ind2=" ">
    <subfield code="a">QFM</subfield>
  </datafield>
  <datafield tag="942" ind1=" " ind2=" ">
    <subfield code="2">lcc</subfield>
    <subfield code="c">B</subfield>
  </datafield>
  <datafield tag="999" ind1=" " ind2=" ">
    <subfield code="c">2320</subfield>
    <subfield code="d">2320</subfield>
  </datafield>
  <datafield tag="952" ind1=" " ind2=" ">
    <subfield code="0">0</subfield>
    <subfield code="1">0</subfield>
    <subfield code="4">0</subfield>
    <subfield code="7">0</subfield>
    <subfield code="a">BRCA</subfield>
    <subfield code="b">BRCA</subfield>
    <subfield code="d">2008-11-27</subfield>
    <subfield code="i">QM168</subfield>
    <subfield code="l">0</subfield>
    <subfield code="o">174 .R64 1876 (QM168)</subfield>
    <subfield code="p">2577</subfield>
    <subfield code="r">2019-03-22 00:00:00</subfield>
    <subfield code="w">2019-03-22</subfield>
    <subfield code="y">B</subfield>
  </datafield>
</record>
